00585nam a2200169Ia 450000500170000000800410001702000180005808200080007610000170008424500700010126000640017130000130023550000540024894200060030295200920030899900150040020250509041151.0240331s9999 xx 000 0 und d a9789550249152 a891 aMarasinghe,S 0aKantha Saha Gehenu Daru Arakshanya Pilibanda Sri Lanka Namavaliya aColombobChild Development & Women's Affairs Ministryc2012 a380 p ., aA book of Women's & Child protection rules & Laws cL 001040708LaWERCLbWERCLcSSCd2024-03-31l0o362.8p6757r2024-03-31w2024-03-31yL c5830d5830